000
00312nam a2200133Ia 4500
008
150201s2010 xx 000 0 und d
082
_a
611
_b
A10K
100
_a
KHENA, ANU
245
_a
SMART STUDY ANATOMY
260
_b
ELSEVIER
_a
DELHI
_c
2010
300
_a
1-428
650
_a
HUMAN ANATOMY
942
_2
ddc
_c
BK
_0
3
999
_c
1287
_d
1287